Statistics for Can you name the participants in WWI ?

Click here to take the quiz!

General Stats

  • This quiz has been taken 14 times
  • The average score is 15 of 27

Answer Stats

Answer% Correct
China
100%
Italy
100%
Russia
100%
Austria-Hungary
92%
France
92%
Germany
92%
Great Britain
92%
Japan
92%
United States
92%
Belgium
85%
Greece
77%
Ottoman Empire
62%
Romania
62%
Serbia
62%
Brazil
54%
Bulgaria
54%
Portugal
54%
Cuba
31%
Montenegro
23%
Costa Rica
15%
Guatemala
15%
Haiti
15%
Honduras
15%
Nicaragua
15%
Panama
15%
Liberia
8%
Siam
8%

Score Distribution

Percentile by Number Answered

Percent of People with Each Score

Your Score History

You have not taken this quiz